[Event "EYCC Open U14 2021"]
[Site "Tornelo"]
[Date "2021.10.15"]
[Round "5.5"]
[White "Vergara Anton, Diego"]
[Black "von Mettenheim, Johannes"]
[Result "1/2-1/2"]
[WhiteElo "2258"]
[BlackElo "2062"]
[Annotator "TA"]
[PlyCount "172"]
[EventDate "2021.10.15"]
[EventType "swiss"]
[EventCountry "NET"]
[SourceTitle "playchess.com"]
[Source "ChessBase"]
[SourceQuality "1"]

{[%evp 12,172,9,5,0,0,0,1,7,-7,-8,-8,-10,0,0,0,-9,-2,-10,-39,-39,-31,0,-4,26,28,32,25,27,30,24,33,31,22,27,27,41,36,73,73,140,41,45,42,44,22,26,19,39,30,37,30,38,13,129,122,116,89,125,80,67,61,77,77,272,0,87,83,268,129,231,0,195,194,258,261,262,160,384,363,495,495,745,658,511,406,668,0,406,146,814,343,588,350,1162,1144,1007,1093,735,815,555,110,110,110,110,110,110,110,110,110,110,110,110,110,110,110,110,84,110,8,8,8,8,8,8,8,8,0,0,0,0,0,0,0,0,0,0,0,0,0,0,0,0,0,0,0,0,0,0,0,0,0,0,0,0,0,0,0,0,0,0,0,0]} 1. d4 Nf6 2. Nf3 d5 3. g3 e6 4. Bg2 Be7 5. c4 O-O 6. Nc3 dxc4 7. Ne5 Qd6 {E06: Closed Catalan: Early deviations.} 8. Nxc4 Qa6 {[%cal Ra6c4]} 9. Qb3 Nc6 10. e3 Rb8 11. Qb5 Qxb5 12. Nxb5 a6 13. Nc3 (13. Nxc7 b5 $15) 13... b5 {[#] Threatening ...Bb7.} 14. Bxc6 $146 {Black must now prevent Na5.} ({Predecessor:} 14. Nd2 Bb7 15. O-O Nb4 16. Nb3 Bxg2 17. Kxg2 c5 18. Nxc5 Bxc5 19. dxc5 Nd3 20. Rb1 Nxc5 {½-½ (50) Fridman,D (2644)-Ganguly,S (2642) Saint Louis 2019}) 14... bxc4 15. Bd2 Rxb2 16. Na4 $1 {[%cal Ra4b2]} Rb8 (16... Rb5 $5) 17. Rc1 Bd7 18. Bxd7 Nxd7 19. Ke2 c5 20. dxc5 Nxc5 21. Nxc5 Bxc5 22. Rxc4 Be7 23. Rhc1 h6 24. R1c2 Rb6 25. a4 Ra8 (25... Bf6 $142) 26. Rc6 (26. Rc8+ $1 $16 Rxc8 27. Rxc8+ Kh7 28. Rc7) 26... Rxc6 $14 27. Rxc6 {[%mdl 4096] Endgame KRB-KRB} Kf8 28. Rc7 Ke8 29. a5 Bd6 30. Rb7 Bc5 31. Bc3 g6 32. Bb4 Bxb4 (32... Rc8 $1 $11 {remains equal.}) 33. Rxb4 $11 {KR-KR} Ke7 34. Rb6 h5 35. e4 Kf6 36. Ke3 Ra7 37. Rc6 Ke5 $2 (37... g5 $16 {was called for.}) 38. Rb6 $2 (38. f4+ $18 {and White stays clearly on top.} Kf6 39. Kd4) 38... Kf6 $1 $16 39. h3 Ke5 $2 (39... Ra8 $16 {might work better.}) 40. Rc6 (40. f4+ $18 {is more deadly.} Kf6 41. g4) 40... Rb7 (40... Kf6 $16 41. f3 Ra8) 41. f4+ $18 (41. Rxa6 Rb3+ 42. Ke2 Kxe4 $11) 41... Kf6 {[#]} 42. Rb6 $1 {[%cal Rb6b7]} ({Inferior is} 42. Rxa6 Rb3+ 43. Kf2 Rb2+ 44. Kf1 Rb3 $11) 42... Ra7 (42... Rc7 {is a better defense.}) 43. e5+ Ke7 44. g4 hxg4 (44... Ra8 $16 45. gxh5 gxh5) 45. hxg4 Rd7 46. Rxa6 Rd5 (46... Rc7 $142 47. Kd4 Rc2 48. Ra7+ Ke8) 47. Ra7+ Kf8 48. Ra8+ Kg7 (48... Ke7 $142 49. a6 Ra5 50. Ra7+ Kf8) 49. Ra7 $2 (49. g5 $18 {Threatens to win with a6.} Rc5 50. Kd4) 49... Rb5 $2 {[%mdl 8192]} (49... Kf8 $11 {and Black is okay.} 50. a6 Ra5) 50. a6 $2 (50. g5 $18) 50... Rb6 $2 {[%mdl 8192]} (50... g5 $16 51. fxg5 Rxe5+ 52. Kf4 Ra5) 51. Ra8 (51. Kd3 $142 Rc6 52. Ra8) 51... Rc6 $2 (51... Rb4 52. a7 Rb3+ 53. Ke4 Ra3) 52. Kd4 Kh7 $2 (52... Rc2 53. Kd3 Rc1) 53. Rf8 {Strongly threatening a7.} Rxa6 54. Rxf7+ Kg8 {[#]} 55. Rf6 $1 Kg7 56. g5 $2 (56. Kc4 $18 {And now Kb5 would win.} Ra2 57. g5 (57. Rxe6 Ra4+ 58. Kc5 Rxf4 $16)) 56... Rc6 $16 57. Kd3 Kh7 58. Rf7+ Kg8 59. Rd7 {Hoping for Rd6.} (59. Re7 {feels hotter.} Kf8 60. Ra7 Rc1 61. Ra6 Kf7 62. Kd4) 59... Ra6 60. Rc7 Kf8 61. Kd4 Ra4+ 62. Rc4 Ra5 63. Rb4 Kf7 64. Kc4 Kf8 65. Rb5 (65. Rb6 $16 Ke7 66. Kb4) 65... Ra4+ $11 {The position is equal.} 66. Kc5 {Black should prevent Rb8+.} ({Resist} 66. Rb4 $6 Ra7 $16) 66... Rxf4 67. Kd6 Rf5 68. Kxe6 Rxg5 69. Rb8+ (69. Kf6 {keeps more tension.} Rf5+ 70. Kxg6 Rf1 71. Rb7 Ke8 72. Ra7) 69... Kg7 70. Rb2 Rg1 71. Kd7 Rd1+ 72. Ke7 g5 73. e6 Ra1 74. Rb7 Ra8 75. Kd6+ Kf6 76. e7 g4 77. Ra7 Re8 78. Ra1 Kg5 (78... g3 {with more complications.} 79. Rg1 Rxe7 80. Rf1+ Kg5 81. Kxe7 Kg4) 79. Kd7 (79. Rb1 {looks sharper.} g3 80. Kd7 Ra8 81. Ke6 Kg4 82. Kd7) 79... Rxe7+ 80. Kxe7 {KR-KP} g3 81. Ke6 {Threatening mate with Ke5.} Kf4 82. Ra4+ Kf3 83. Kf5 g2 84. Ra3+ Kf2 85. Ra2+ Kf3 86. Rxg2 Kxg2 {White really could win this.  Weighted Error Value: White=0.51/Black=0.54} 1/2-1/2

[Event "EYCC Open U14 2021"]
[Site "Tornelo"]
[Date "2021.10.15"]
[Round "5.7"]
[White "Poupalos, Nikolaos"]
[Black "Taspinar, Yanki"]
[Result "0-1"]
[WhiteElo "1964"]
[BlackElo "2147"]
[Annotator "TA"]
[PlyCount "44"]
[EventDate "2021.10.15"]
[EventType "swiss"]
[EventCountry "NET"]
[SourceTitle "playchess.com"]
[Source "ChessBase"]
[SourceQuality "1"]

{[%evp 16,44,36,29,32,29,30,12,10,0,8,-22,-12,-114,-114,-93,-93,-115,-123,-515,-532,-518,-517,-677,-665,-799,-751,-769,-764,-719,-688]} 1. e4 e5 2. Nf3 Nc6 3. Bb5 a6 4. Ba4 b5 5. Bb3 Na5 6. O-O d6 7. d4 exd4 {The main line 7...exd4 scores better than 7...Nxb3.} 8. Nxd4 Bb7 9. Bd2 Nxb3 {C70: Ruy Lopez: 3...a6 4 Ba4, Norwegian and Delayed Schliemann.} 10. axb3 g6 {[#]} 11. Re1 $146 ({Predecessor:} 11. Ba5 Bg7 12. c4 Nf6 13. Nc3 O-O 14. Nd5 Rc8 15. cxb5 Nxd5 16. exd5 axb5 17. Nxb5 {½-½ (33) Kulaots,K (2555)-Moiseenko,V (2517) Jyvaskyla 2018}) 11... Bg7 {The position is equal.} 12. Bc3 Nf6 13. e5 Ne4 14. e6 (14. Nd2 $11 Nxc3 15. exd6+ Ne4 16. Nxe4) 14... O-O $17 {Strongly threatening ...Qh4.} 15. f3 Nxc3 16. Nxc3 {e7 is the strong threat.} Qh4 17. Ne4 $2 {[%mdl 8192] [#]} (17. exf7+ $17 {was the crucial defense.} Rxf7 18. Ne6) 17... f5 $1 $19 {Black is clearly winning.} 18. e7 Rfe8 19. g3 Qxe7 20. c3 fxe4 21. fxe4 Bxe4 22. Qd2 d5 {White got outplayed after the opening.  Weighted Error Value: White=0.84/Black=0.01} 0-1

[Event "EYCC Open U14 2021"]
[Site "Tornelo"]
[Date "2021.10.15"]
[Round "5.8"]
[White "Gasparyan, Erik R."]
[Black "Ponomarev, Vsevolod"]
[Result "0-1"]
[WhiteElo "1777"]
[BlackElo "2135"]
[Annotator "TA"]
[PlyCount "54"]
[EventDate "2021.10.15"]
[EventType "swiss"]
[EventCountry "NET"]
[SourceTitle "playchess.com"]
[Source "ChessBase"]
[SourceQuality "1"]

{[%evp 12,54,-2,-19,-9,-41,-35,-51,-31,-24,-27,-61,-60,-45,-29,-31,-21,-51,0,-48,-10,-93,-88,-121,-107,-115,-122,-122,-102,-108,-105,-345,-345,-402,-402,-489,-504,-476,-497,-506,-504,-823,-809,-810,-797]} 1. Nf3 c5 2. g3 Nc6 3. Bg2 e5 4. e4 g6 5. O-O Bg7 6. d3 Nge7 7. Be3 b6 {A04: Unusual lines after 1 Nf3 and King's Indian Attack.} 8. c3 d5 {[#]} 9. Re1 $146 {With the idea exd5.} ({Predecessor:} 9. exd5 Nxd5 10. Bg5 Qd7 11. d4 h6 12. Nxe5 Nxe5 13. dxe5 Bb7 14. Bf6 Bxf6 15. exf6 {1-0 (36) Moiseenko,V (2558)-Slavin,A (2364) Sochi 2017}) 9... d4 {Black is slightly better.} 10. cxd4 cxd4 11. Bg5 O-O 12. Na3 h6 13. Bd2 Be6 14. b3 a6 (14... Qd7 $15) 15. Rc1 b5 {[%cal Bb6b5,Bb5b4][%mdl 32]} 16. Rc5 (16. Nh4 $11) 16... Qd6 $36 {[%mdl 2048] Keeping White busy.} 17. Qc2 b4 18. Nb1 a5 19. Rc1 Rfc8 20. Be1 Na7 21. a4 $2 {[#] Loses the game.} (21. Nbd2 $17) 21... Bxb3 $1 $19 {[%mdl 512]} 22. Rxc8+ (22. Qxb3 Rxc5) 22... Rxc8 {[%mdl 64] Pin} 23. Qb2 {Black must now prevent Rxc8+.} Rxc1 {Black is clearly winning.} 24. Qxc1 Qc6 25. Qb2 Qc2 26. Qa1 (26. Qxc2 $142 Bxc2 27. Nbd2) 26... Qc1 27. Bf1 Bc2 {Weighted Error Value: White=0.57/Black=0.09} 0-1

[Event "EYCC Open U14 2021"]
[Site "Tornelo"]
[Date "2021.10.15"]
[Round "5.9"]
[White "Bakiev, Diyor"]
[Black "Shinkarov, Artem"]
[Result "0-1"]
[WhiteElo "2074"]
[BlackElo "1894"]
[Annotator "TA"]
[PlyCount "108"]
[EventDate "2021.10.15"]
[EventType "swiss"]
[EventCountry "NET"]
[SourceTitle "playchess.com"]
[Source "ChessBase"]
[SourceQuality "1"]

{[%evp 16,108,34,28,42,31,25,12,14,0,0,0,0,0,0,-23,0,-33,-37,-50,-50,-62,-48,-62,-56,-77,-99,-146,-52,-52,0,-55,-52,-61,-52,-78,-53,-108,-93,-143,-143,-139,-133,-137,-157,-222,-214,-210,-209,-208,-178,-293,-285,-328,-168,-304,-162,-323,-314,-317,-305,-385,-386,-511,-389,-483,-467,-388,-192,-533,-539,-486,-517,-517,-500,-518,-476,-602,-587,-745,-739,-5497,-645,-29975,-29977,-29977,-29975,-29975,-29976,-29977,-29977,-29976,-29977,-29987,-29988]} 1. e4 e6 2. d4 d5 3. e5 c5 4. c3 Qb6 5. Nf3 Bd7 6. a3 cxd4 7. cxd4 Bb5 8. Bxb5+ Qxb5 9. Nc3 Qd7 {C02: French: Advance Variation.} 10. O-O Ne7 11. Bf4 Nbc6 {The position is equal.} 12. b4 Nc8 13. Na4 {[#]} Nb6 $146 ({Predecessor:} 13... b5 14. Nc5 Bxc5 15. dxc5 N8e7 16. Qd3 a6 17. h3 Ng6 18. Bh2 O-O 19. Rfe1 a5 {0-1 (48) Beltrami,N (2045)-Zaric,S (2265) Lignano Sabbiadoro 2005}) 14. Nxb6 axb6 15. Bg5 h6 16. Bh4 (16. Be3 {looks sharper.} Be7 17. Ne1 O-O 18. Qg4 Kh8 19. Qh5) 16... Be7 17. Bxe7 Nxe7 18. Nh4 Rc8 19. f4 Rc4 20. Qd3 g6 21. g4 Nc6 (21... h5 $17 22. g5 O-O) 22. Nf3 $15 Ne7 (22... h5 $15 23. h3 Qe7) 23. Rad1 ({White should play} 23. Nh4 $11) 23... Qc8 24. h3 Qc6 25. b5 Qc8 26. Rf2 {Black keeps a firm grip on the game.} ({Better is} 26. Qe3 $15) 26... Rc3 $17 27. Qf1 Qc4 ({Much less strong is} 27... Rxa3 28. Rc1 $17) 28. Kg2 Kd7 29. Ra1 Ra8 30. Qxc4 (30. a4 $17) 30... dxc4 $19 31. Nd2 Nd5 32. a4 Ne3+ 33. Kh2 (33. Kg1 $142) 33... Rd3 34. Nf1 Nxf1+ (34... Nd5 $142 {And now ...c3 would win.} 35. Rd2 Rf3) 35. Raxf1 (35. Rfxf1 $142 c3 36. Rfd1 Rxd1 37. Rxd1) 35... Rxd4 {[%mdl 4096] Endgame KRR-KRR} (35... Rxa4 $142 36. f5 exf5 37. gxf5 g5) 36. f5 $2 {[#]} (36. Ra2) 36... gxf5 ({Don't take} 36... Rxa4 37. fxg6 fxg6 38. Rc2 $19) 37. gxf5 Rxa4 38. fxe6+ Kxe6 39. Rxf7 Kxe5 40. Rxb7 Rd2+ 41. Kg3 Ra3+ (41... c3 $142 {White must now prevent ...Rd3+.} 42. Re1+ Kd4 43. Rxb6 Rd3+ 44. Kf2 Rxh3) 42. Kg4 $2 {[#]} (42. Rf3 {nothing else works.} Rb3 43. Rxb6) 42... Rd4+ 43. Kh5 Rxh3+ 44. Kg6 Rd6+ 45. Kh7 Rhd3 46. Re7+ Kd4 47. Rf4+ Kc3 48. Ree4 R3d4 (48... R6d4 $142 49. Rxd4 Rxd4) 49. Rxd4 Rxd4 {KR-KR. Black mates.} 50. Rf6 Rd7+ 51. Kxh6 Rb7 52. Kg5 Kb2 53. Rf2+ Kb3 54. Kf4 Rf7+ {Weighted Error Value: White=0.78/Black=0.45} 0-1

[Event "EYCC Open U14 2021"]
[Site "Tornelo"]
[Date "2021.10.15"]
[Round "5.10"]
[White "Veselov, Yaroslav"]
[Black "Vagman, Roy"]
[Result "1-0"]
[WhiteElo "1922"]
[BlackElo "2070"]
[Annotator "TA"]
[PlyCount "149"]
[EventDate "2021.10.15"]
[EventType "swiss"]
[EventCountry "NET"]
[SourceTitle "playchess.com"]
[Source "ChessBase"]
[SourceQuality "1"]

{[%evp 18,148,32,48,73,74,97,73,73,73,77,29,37,36,86,68,60,37,114,22,20,24,71,60,88,89,88,76,83,59,95,86,89,73,90,22,112,15,130,129,127,114,127,114,152,161,192,144,154,158,128,147,133,127,210,204,298,295,352,347,373,370,727,722,638,488,776,588,560,502,549,479,723,564,569,567,533,527,577,437,834,625,728,801,726,706,851,866,836,679,2262,2095,1900,1322,29957,29957,10868,5575,2491,2491,2484,1020,29975,29972,29985,29986,29991,29992,29991,29992,29992,29990,29991,29986,29990,29991,29991,29990,29992,29992,29992,29992,29994,29995,29995,29996,29996,29997,29998,29999,29999,29999,29999]} 1. d4 Nf6 2. c4 c5 3. d5 g6 4. Nc3 Bg7 5. e4 d6 6. h3 O-O 7. Nf3 e6 8. Bd3 exd5 9. exd5 Re8+ 10. Be3 Rxe3+ {now supersedes 10...Bh6. E90: King's Indian: Classical: Early deviations and 6 h3.} 11. fxe3 Qe7 12. O-O Nbd7 {White is better.} 13. Qd2 Nh5 14. Ne2 Bh6 15. Nf4 Ng3 16. Rfe1 {Black must now prevent Qf2.} Nf6 17. Kh2 {[#]} Nfe4 $146 {[#]} ({Black should try} 17... Nge4 $14 18. Qc2 Bd7) ({Predecessor:} 17... Nge4 18. Qc2 Bd7 19. Ne6 Bxe6 20. dxe6 Qxe6 21. Bxe4 Nxe4 22. Qb3 b6 23. Qa4 Bg7 {0-1 (42) Thybo,J (2525)-Berkes,F (2666) Skopje 2019}) 18. Bxe4 (18. Qc2 $1 $16) 18... Nxe4 $11 19. Qe2 f5 20. Nd2 Bd7 21. Nxe4 Qxe4 22. Rad1 Re8 23. Qd3 Kf7 24. Qxe4 Rxe4 25. b3 b5 26. Rc1 (26. cxb5 $16 Bxb5 27. g4) 26... Kf6 (26... bxc4 $11 {keeps the balance.} 27. bxc4 Bc8 {[%mdl 64] Remove Defender}) 27. Kg3 (27. g3 $16) 27... g5 (27... bxc4 $11 {remains equal.} 28. Kf3 (28. bxc4 Bc8 $11) 28... cxb3 29. axb3 Bc8) 28. Nd3 $16 Kg6 29. Kf3 a6 30. Nf2 Re5 31. g4 Bg7 32. gxf5+ Rxf5+ 33. Kg2 Re5 34. e4 Re8 35. Nd3 Rd8 {[#]} (35... Bd4 $16 36. e5 bxc4 37. Rxc4 (37. bxc4 dxe5 38. Rb1 e4 $14) 37... Bb5) 36. Rcd1 $1 $18 bxc4 (36... Bc3 {was called for.} 37. Re2 Re8) 37. bxc4 Ba4 38. Rc1 Rb8 39. e5 Bd7 $2 (39... Bxe5 40. Nxe5+ dxe5) 40. exd6 Bf5 41. Ne5+ Kh5 (41... Bxe5 $142 42. Rxe5 Rb6) 42. Re2 Kh4 43. Nf3+ Kh5 44. Re7 Bf8 (44... Bf6 $142 45. Ne5 Rb6) 45. Rf7 Bg6 46. Rf6 Bg7 47. Re6 Bf5 48. Re2 Bh6 (48... Rd8 $142 49. Re6 h6) 49. Rd1 Rd8 50. Ne5 Rxd6 51. Rf1 Rf6 52. Ng4 Rf8 53. Re5 Bxg4 54. hxg4+ Kxg4 {[%mdl 4096] Endgame KRR-KRB} 55. Re6 Bg7 56. Rxf8 Bxf8 {KR-KB} 57. d6 {White wants to mate with d7.} Kf5 {[#]} 58. d7 $1 {[%mdl 512] Re2 would kill now.} Kxe6 59. d8=Q {[%mdl 64] Double Attack} Kf7 60. Qxg5 {White mates.} h6 61. Qf5+ Kg7 62. Kf3 Be7 63. Qd7 Kf6 64. Qc6+ Kg5 65. Qxa6 h5 66. Qe6 Bf6 67. a4 h4 68. a5 h3 69. Qxh3 Bc3 70. a6 Be5 71. a7 Bd6 72. a8=Q Be7 73. Qg8+ Kf6 74. Qh6+ Kf5 75. Qf4# {Weighted Error Value: White=0.36/Black=0.32} 1-0

[Event "EYCC Open U14 2021"]
[Site "Tornelo"]
[Date "2021.10.15"]
[Round "5.11"]
[White "Krawczyk, Flawian"]
[Black "Pashikyan, Rudolf"]
[Result "1-0"]
[WhiteElo "2070"]
[BlackElo "1831"]
[Annotator "TA"]
[PlyCount "123"]
[EventDate "2021.10.15"]
[EventType "swiss"]
[EventCountry "NET"]
[SourceTitle "playchess.com"]
[Source "ChessBase"]
[SourceQuality "1"]

{[%evp 16,123,24,20,29,22,30,17,49,22,61,50,58,47,52,65,85,91,88,92,89,96,98,105,97,65,80,72,162,160,146,147,140,144,144,139,120,80,74,62,137,74,74,37,37,38,38,33,35,42,32,0,0,0,0,-12,-11,-14,-12,-39,7,-16,-12,-24,-8,-8,-8,-8,-8,-8,-8,-8,0,-27,25,17,220,229,223,216,225,223,218,199,312,310,383,307,291,0,381,369,572,571,4133,1206,872,808,747,395,29970,29972,29971,29970,29970,29968,29971,29971,29971,29965]} 1. e4 e5 2. Nf3 Nc6 3. Bb5 a6 4. Ba4 Nf6 5. d3 d6 6. c3 g6 7. h3 Bg7 8. O-O O-O 9. Re1 b5 {C77: Ruy Lopez: 3...a6 4 Ba4 Nf6, unusual lines.} 10. Bc2 {The main line 10.Bc2 scores better than 10.Bb3.} d5 {[#]} 11. a4 $146 ({Predecessor:} 11. Be3 Re8 12. Nbd2 h6 13. a4 Be6 14. Qc1 Nd7 15. d4 exd4 16. cxd4 Nb4 17. Bb1 dxe4 18. Nxe4 {½-½ (48) Durarbayli,V (2617)-Le,Q (2708) Douglas 2019}) 11... Rb8 {The position is equal.} 12. Nbd2 d4 13. Nb3 Re8 14. axb5 axb5 15. cxd4 Nxd4 16. Nbxd4 exd4 17. Bf4 Nh5 18. Bh2 Be6 19. Qd2 Rc8 20. Qb4 Bd7 21. Qc5 ({But not} 21. Nxd4 $2 c5 $19) 21... Qe7 (21... Qf6 $16 {might work better.}) 22. Qxe7 $18 Rxe7 23. Ra7 Be6 24. g4 Nf6 25. Nxd4 Bd7 {Black wants to play ...Nxg4.} 26. Nf3 (26. Bxc7 Ne8 $17) 26... h5 27. e5 Rce8 28. Rxc7 ({Not} 28. exf6 Rxe1+ 29. Kg2 {[#]} (29. Nxe1 Rxe1+ 30. Kg2 Bc6+ 31. Kg3 Bxf6 $17) 29... Rc1 $1 $17) ({White should try} 28. Rc1 hxg4 29. exf6 Bxf6 30. hxg4 Bxg4 31. Kg2) 28... Nd5 $16 29. Rb7 {gxh5 is the strong threat.} Nb4 30. Bb1 {aiming for gxh5.} hxg4 31. hxg4 Bxg4 32. Rxe7 Rxe7 33. Nd2 Nc6 {[%cal Rc6e5]} 34. f4 f6 35. Ba2+ Kf8 {[%cal Rf6e5]} 36. Bd5 Nb4 37. Be4 fxe5 (37... f5 $5 {[%cal Rf5e4]} 38. Bg2 g5 $15) 38. Ra1 Bh6 39. Bxg6 Rg7 40. Ra8+ Ke7 41. Be4 {[#]} Nxd3 $1 {Strongly threatening ...Bh3+.} 42. Ra7+ Bd7+ 43. Kf1 Nxf4 44. Bc6 Ke6 ({Black should play} 44... Kd8 45. Ra8+ Kc7) 45. Ra6 $11 {Black must now prevent Be4+.} Bc8 $2 (45... Ng6 $11) 46. Bb7+ $1 $18 {[%mdl 64] Discovered Attack} Kd7 47. Bxc8+ Kxc8 48. Rxh6 Nd3 49. b3 Rf7+ (49... Rd7 $142 50. Ne4 Kc7) 50. Ke2 Nc1+ 51. Kd1 Nd3 52. Ke2 Nc1+ 53. Ke3 Kb7 (53... Re7 {was worth a try.} 54. Rc6+ Rc7) 54. Ne4 {Hoping for Nd6+.} Re7 55. Nc5+ Kc8 56. Kd2 Na2 57. Rc6+ Kb8 $2 {[#]} (57... Kd8 $18 58. Rb6 Nb4 59. Rxb5 Nc6) 58. Bxe5+ $1 {[%mdl 512] White mates.} Ka8 59. Ra6+ Ra7 60. Rxa7+ Kxa7 61. Nd3 Kb6 62. Kc2 {Weighted Error Value: White=0.23/Black=0.44} 1-0

[Event "EYCC Open U14 2021"]
[Site "Tornelo"]
[Date "2021.10.15"]
[Round "5.12"]
[White "Klimkowski, Jan"]
[Black "Valiyev, Shahin"]
[Result "1-0"]
[WhiteElo "2366"]
[BlackElo "1944"]
[Annotator "TA"]
[PlyCount "121"]
[EventDate "2021.10.15"]
[EventType "swiss"]
[EventCountry "NET"]
[SourceTitle "playchess.com"]
[Source "ChessBase"]
[SourceQuality "1"]

{[%evp 12,121,29,29,41,41,69,50,54,72,90,41,54,24,20,0,42,11,16,0,8,19,28,19,119,109,100,93,142,123,126,123,120,98,214,129,244,199,344,308,286,187,382,429,431,414,370,416,834,835,783,836,793,773,935,573,561,555,752,634,795,776,770,712,695,671,699,529,563,543,544,575,593,590,596,595,545,489,465,426,794,783,1032,856,1072,584,604,619,591,589,550,474,476,468,460,433,468,440,477,472,439,433,413,389,362,305,318,317,1276,1186,1440,1422]} 1. e4 c5 2. Nf3 d6 3. d4 cxd4 4. Nxd4 Nf6 5. Nc3 a6 6. h3 Nc6 7. Be3 e6 {B90: Sicilian Najdorf: Unusual White 6th moves, 6 Be3 Ng4 and 6 Be3 e5.} 8. g4 Be7 9. g5 Nd7 {White is slightly better.} 10. h4 Qc7 11. Bg2 Nce5 12. Qe2 b5 13. O-O-O Bb7 (13... b4 $5 {[%cal Rb4c3]} 14. Nb1 Nc4 $11) 14. f4 Nc4 {[#]} 15. Rh3 $146 ({Predecessor:} 15. f5 Nxe3 16. Qxe3 Nc5 17. fxe6 fxe6 18. Bh3 b4 19. Na4 e5 20. Ne6 Nxe6 21. Bxe6 {1-0 (46) Chigaev,M (2588)-Grinberg,E (2491) Chess.com INT 2020}) 15... Rc8 16. Bf2 b4 17. Nb1 Qa5 (17... d5 $11 {remains equal.}) 18. b3 $16 {Black is now going downhill.} Ncb6 19. Kb2 d5 {[#]} 20. e5 Bc6 21. f5 Bb5 {[#]} 22. Qe1 Nc5 (22... O-O $16) 23. Rc1 Kd7 (23... Bd7 $16 {was worth a try.}) 24. Qd1 Rc7 (24... Ke8 $142) 25. Be1 Rhc8 26. fxe6+ fxe6 $2 (26... Nxe6 {might work better.} 27. Qg4 h6) 27. Ka1 $18 Nb7 28. Rf3 Nd8 29. Bh3 Na8 {[#]} (29... g6 $142 30. c4 Rc5) 30. Nxe6 $1 {[%mdl 576] Double Attack, Discovered Attack} Kc6 31. Nxc7 Rxc7 32. Bg2 {White threatens Qxd5+! and mate.} Kb7 33. Rf4 Bc6 34. c3 Rc8 35. Bh3 Rb8 36. cxb4 Qc7 37. Bc3 Nb6 38. Qd2 Nd7 39. Qd4 Nf8 40. Rf2 Nfe6 41. Qd3 h6 42. gxh6 gxh6 43. Bxe6 Nxe6 44. Rfc2 {Hoping for Bd4.} Rc8 45. Bb2 Qb6 (45... Qd7 $142 46. a4 Bxb4) 46. Nc3 Nc7 47. Ne2 Bb5 48. Qd4 Bxe2 49. Qxb6+ Kxb6 50. Rxe2 Bxh4 51. Bd4+ Kb7 52. Be3 Re8 53. Bxh6 Bg3 54. Bg7 d4 55. Rd1 Ne6 56. Bh6 Kc6 57. Bc1 Kd5 58. Bb2 Bxe5 59. a4 Nf4 $2 {[#]} (59... Rh8 60. Rf2 Rh7) 60. Rxe5+ $1 {[%mdl 64] Remove Defender} Rxe5 (60... Kxe5 61. Re1+) 61. Rxd4+ {[%mdl 64] Double Attack.  Weighted Error Value: White=0.33/Black=0.44} 1-0

[Event "EYCC Open U14 2021"]
[Site "Tornelo"]
[Date "2021.10.15"]
[Round "6.1"]
[White "Khubukshanov, Erdem"]
[Black "Seemann, Jakub"]
[Result "1/2-1/2"]
[WhiteElo "2373"]
[BlackElo "2299"]
[Annotator "TA"]
[PlyCount "49"]
[EventDate "2021.10.15"]
[EventType "swiss"]
[EventCountry "NET"]
[SourceTitle "playchess.com"]
[Source "ChessBase"]
[SourceQuality "1"]

{[%evp 11,49,30,39,5,34,25,30,46,40,25,46,31,32,48,79,75,120,128,126,116,142,0,0,-44,-47,-48,0,-84,-60,-64,-80,-52,-36,-31,-35,-21,-79,-117,0,0]} 1. e4 c5 2. Nf3 e6 3. d4 cxd4 4. Nxd4 Nc6 5. Nc3 Qc7 6. Be3 a6 7. Qf3 {B48: Sicilian: Taimanov: 5 Nc3 Qc7 6 Be3 a6 without Be2.} Ne5 8. Qg3 h5 9. Bf4 {White has an edge.} d6 10. Bg5 b5 11. a3 Bb7 12. O-O-O Rc8 13. f4 Nc4 14. Bxc4 Qxc4 15. Rhe1 Nf6 {[#]} 16. e5 $146 ({White should try} 16. Bxf6 $16 gxf6 17. Nb3) ({Predecessor:} 16. Bxf6 gxf6 17. Kb1 h4 18. Qh3 b4 19. axb4 Qxb4 20. f5 Rc4 21. Nb3 e5 22. Qd3 {1-0 (73) Zezulkin,J (2434)-Zylka,S (2338) Dzwirzyno 2019}) 16... dxe5 $1 $11 17. Bxf6 gxf6 18. fxe5 {Black must now prevent Nxe6!} f5 {And now ...h4 would win.} 19. Nxf5 exf5 $17 20. e6 $1 {[%cal Re6f7]} fxe6 {Strongly threatening ...Rh6.} 21. Qg6+ {[%mdl 64] Double Attack} Ke7 {Threatens to win with ...Bh6+.} 22. Qg5+ Kf7 {aiming for ...Bh6.} 23. Rd7+ {[%mdl 64] Double Attack} Ke8 24. Red1 {[%cal Rg5g6] [#]} ({Not} 24. Rxb7 $2 Bh6 $19) 24... Bh6 $1 25. Rd8+ {Weighted Error Value: White=0.27/Black=0.20} 1/2-1/2